000 00360nam a22001457a 4500
005 20251007120435.0
008 250929b |||||||| |||| 00| 0 eng d
020 _a978-93-48189-27-1
041 _aeng
100 _aCHATURVEDI, HARIHAR PRASAD
_98702
245 _aHINDI KA BIO-DATA
260 _aUTTAR PRADESH
_bAKSHAR PLANT
300 _a243;P
942 _cBK
999 _c8840
_d8838